000
00302nam a2200109Ia 4500
001
1272418
005
20260417151428.0
008
260417s9999 xx 000 0 und d
020
_a
9786255998880
245
0
_a
Şeyh Galib’in Hüsn ü Aşk’ından Kaderin Kalemi
_c
Kollektif
260
_b
Ketebe Genç
999
_c
1272418
_d
1272418